[Event "XIV Festival Magistrale"]
[Site "Asti"]
[Date "1993.10.??"]
[Round "?"]
[White "Komarov, Dimitri"]
[Black "Belotti, Bruno"]
[Result "1-0"]
[WhiteElo "2525"]
[BlackElo "2410"]
[PlyCount "105"]
[EventDate "1993.10.09"]
[EventType "schev"]
[EventRounds "3"]
[EventCountry "ITA"]
[SourceDate "2005.09.12"]

1. d4 Nf6 2. c4 g6 3. Nc3 Bg7 4. e4 d6 5. Nf3 O-O 6. Be2 e5 7. Be3 c6 8. Qd2
exd4 9. Nxd4 Re8 10. f3 d5 11. exd5 cxd5 12. O-O Nc6 13. c5 Rxe3 14. Qxe3 Qf8
15. Nxc6 bxc6 16. Rad1 Rb8 17. Na4 Bf5 18. Bd3 Be6 19. Kh1 Rb4 20. b3 Rh4 21.
g3 Rh3 22. Rg1 d4 23. Qe2 Nd5 24. Bc4 Rh5 25. Rde1 Bh6 26. f4 Qc8 27. Nb2 Bf8
28. Nd3 Ne3 29. Bxe6 Qxe6 30. Qf3 Bxc5 31. Re2 Bb6 32. Rc1 c5 33. Ne5 Rxe5 34.
fxe5 Qxe5 35. Rce1 c4 36. bxc4 Kg7 37. Rf2 f5 38. Qd5 Qxd5+ 39. cxd5 Nxd5 40.
Re6 Kf7 41. Rd6 Nc3 42. Rd2 Bc5 43. Rc6 Bb6 44. a3 Ne4 45. Rxb6 Nxd2 46. Ra6 d3
47. Kg2 Ne4 48. Kf3 g5 49. Rxa7+ Ke6 50. Ra8 Ke7 51. Ra4 d2 52. Rd4 Ke6 53. Ke3
1-0

[Event "XIV Festival Magistrale"]
[Site "Asti"]
[Date "1993.10.??"]
[Round "?"]
[White "Kosten, Anthony C"]
[Black "Mailfert, Jean Pierre"]
[Result "1-0"]
[WhiteElo "2495"]
[BlackElo "2115"]
[PlyCount "43"]
[EventDate "1993.10.09"]
[EventType "schev"]
[EventRounds "3"]
[EventCountry "ITA"]
[SourceDate "2005.09.12"]

1. c4 c6 2. e4 d5 3. cxd5 cxd5 4. exd5 Qxd5 5. Nc3 Qd6 6. d4 Nf6 7. Bc4 e6 8.
Nf3 Be7 9. O-O O-O 10. Qe2 Nc6 11. Rd1 Nb4 12. Bg5 Nbd5 13. Ne5 a6 14. Rac1 Rd8
15. Bd3 Bd7 16. Nxd5 Nxd5 17. Bxh7+ Kxh7 18. Qh5+ Kg8 19. Qxf7+ Kh7 20. Rd3
Bxg5 21. Rh3+ Bh6 22. Rxh6+ 1-0

[Event "XIV Festival Magistrale"]
[Site "Asti"]
[Date "1993.10.??"]
[Round "?"]
[White "Mailfert, Jean Pierre"]
[Black "Cirabisi, Federico"]
[Result "0-1"]
[WhiteElo "2115"]
[BlackElo "2270"]
[PlyCount "60"]
[EventDate "1993.10.09"]
[EventType "schev"]
[EventRounds "3"]
[EventCountry "ITA"]
[SourceDate "2005.09.12"]

1. d4 d5 2. Nf3 e6 3. g3 f5 4. Bg2 Nf6 5. O-O Bd6 6. b3 Qe7 7. a4 O-O 8. Ba3
Nc6 9. c4 dxc4 10. bxc4 Bxa3 11. Nxa3 Rd8 12. e3 e5 13. d5 e4 14. Nd4 Ne5 15.
Qb3 Kh8 16. Rfd1 a6 17. Bh3 Nfg4 18. Nac2 Qg5 19. Bf1 Rd6 20. h4 Qh5 21. Ne1 g5
22. Ng2 Nf3+ 23. Nxf3 exf3 24. Qc3+ Kg8 25. c5 fxg2 26. Bc4 gxh4 27. Kxg2 hxg3
28. Rh1 Nh2 29. cxd6 Qf3+ 30. Kh3 f4+ 0-1

[Event "V Trofeo Alfiere"]
[Site "Roma "]
[Date "1982.??.??"]
[Round "1"]
[White "Amovilli, Mauro"]
[Black "Micalizzi, Giovanni"]
[Result "0-1"]
[WhiteElo "1900"]
[BlackElo "2005"]
[PlyCount "21"]
[EventDate "1982.??.??"]
[EventType "swiss"]
[EventRounds "9"]
[EventCountry "ITA"]
[SourceDate "2005.09.12"]

1. e4 c5 2. Nf3 Nc6 3. Bb5 g6 4. O-O Bg7 5. c3 Nf6 6. Re1 O-O 7. d4 Qb6 8. Bf1
cxd4 9. cxd4 d6 10. h3 Nd7 11. d5 {...} 0-1

[Event "V Trofeo Alfiere"]
[Site "Roma "]
[Date "1982.??.??"]
[Round "1"]
[White "Bellia, Fabrizio"]
[Black "Sibilio, Mario"]
[Result "0-1"]
[WhiteElo "1900"]
[BlackElo "2305"]
[PlyCount "160"]
[EventDate "1982.??.??"]
[EventType "swiss"]
[EventRounds "9"]
[EventCountry "ITA"]
[SourceDate "2005.09.12"]

1. e4 g6 2. d4 Bg7 3. Nc3 c6 4. Nf3 d5 5. exd5 cxd5 6. Bb5+ Nc6 7. Ne5 Bd7 8.
Bxc6 Bxc6 9. Nxc6 bxc6 10. O-O Nh6 11. Na4 Nf5 12. c3 O-O 13. Re1 Re8 14. Bf4
e6 15. Nc5 Bf8 16. Nd3 f6 17. Qg4 a5 18. h4 Ra7 19. Re2 Rg7 20. Rae1 Qc8 21.
Qh3 h5 22. Bh2 c5 23. Nf4 cxd4 24. Nxd5 Qd8 25. Nf4 dxc3 26. bxc3 Rd7 27. Nxg6
Rd3 28. Bg3 Qb6 29. Qxf5 exf5 30. Rxe8 Rd8 31. Nxf8 Rxe8 32. Rxe8 Qb1+ 33. Kh2
Kf7 34. Rc8 f4 35. Bxf4 Qf5 36. Rc7+ Kxf8 37. g3 Qc2 38. Kg2 Qxa2 39. c4 a4 40.
c5 Qd5+ 41. Kh2 Qa8 42. c6 a3 43. Bd6+ Kg8 44. Bxa3 Qxa3 45. Rc8+ Kg7 46. c7
Qc5 47. Kg1 Qc4 48. Kh2 Kg6 49. Rd8 Qxc7 50. Rd4 Kf5 51. Kg2 Qc6+ 52. Kh2 Ke5
53. Rf4 Qc1 54. Rb4 Qd2 55. Rb5+ Ke4 56. Kg2 Qc3 57. Rb8 Qc6 58. Rb3 f5 59.
Re3+ Kd4+ 60. Kh2 f4 61. gxf4 Qf6 62. Rh3 Qxf4+ 63. Kg2 Qg4+ 64. Kh2 Ke5 65.
Re3+ Kf4 66. Rh3 Qe2 67. Kg2 Kg4 68. Rf3 Qc2 69. Rg3+ Kf4 70. Rf3+ Ke5 71. Rh3
Qe4+ 72. Kh2 Qf4+ 73. Kg2 Qg4+ 74. Kh2 Kf5 75. f3 Qd4 76. Kg2 Kf4 77. Kf1 Ke3
78. Kg2 Ke2 79. Kg3 Qg1+ 80. Kf4 Qg2 0-1

[Event "V Trofeo Alfiere"]
[Site "Roma "]
[Date "1982.??.??"]
[Round "1"]
[White "Bonavoglia, Guido"]
[Black "Gervasi, Giancarlo"]
[Result "0-1"]
[WhiteElo "1955"]
[BlackElo "2125"]
[PlyCount "59"]
[EventDate "1982.??.??"]
[EventType "swiss"]
[EventRounds "9"]
[EventCountry "ITA"]
[SourceDate "2005.09.12"]

1. e4 e6 2. d3 d5 3. Nd2 c5 4. g3 dxe4 5. dxe4 Nf6 6. Ngf3 Nc6 7. Bg2 Be7 8.
O-O O-O 9. e5 Nd5 10. c3 b6 11. Re1 Bb7 12. Ne4 h6 13. g4 b5 14. g5 h5 15. Nh4
Nxe5 16. Qxh5 g6 17. Qe2 c4 18. Nc5 Bxc5 19. Qxe5 Qd6 20. Nf3 Qxe5 21. Nxe5
Rfd8 22. Bd2 Rac8 23. Rad1 a5 24. Ng4 Kf8 25. Ne5 Bd6 26. Bxd5 Bxd5 27. Bf4 b4
28. Bg3 bxc3 29. bxc3 Kg7 30. Rb1 {...} 0-1

[Event "V Trofeo Alfiere"]
[Site "Roma "]
[Date "1982.??.??"]
[Round "1"]
[White "De Blasio, Massimo"]
[Black "Colombo, Paolo"]
[Result "1-0"]
[WhiteElo "2210"]
[BlackElo "2030"]
[PlyCount "69"]
[EventDate "1982.??.??"]
[EventType "swiss"]
[EventRounds "9"]
[EventCountry "ITA"]
[SourceDate "2005.09.12"]

1. e4 e6 2. d4 d5 3. Nd2 Nf6 4. e5 Nfd7 5. Bd3 c5 6. c3 Nc6 7. Ne2 b6 8. O-O a5
9. f4 g6 10. Nf3 Ba6 11. Bxa6 Rxa6 12. g4 h5 13. h3 Ra7 14. Ng3 hxg4 15. hxg4
cxd4 16. cxd4 Nxd4 17. Nxd4 Qh4 18. Kf2 Nc5 19. Kf3 Ne4 20. Nxe4 dxe4+ 21. Kxe4
Rd7 22. Be3 f5+ 23. exf6 Qxf6 24. g5 Rxd4+ 25. Bxd4 Qf5+ 26. Ke3 Bc5 27. Rf3
Rh2 28. Rc1 Bb4 29. Be5 Rd2 30. Rc8+ Ke7 31. Rc7+ Kd8 32. Qxd2+ Bxd2+ 33. Kxd2
Qe4 34. Rd3+ Ke8 35. Rc8+ 1-0

[Event "V Trofeo Alfiere"]
[Site "Roma "]
[Date "1982.??.??"]
[Round "1"]
[White "Gallo, Enrico"]
[Black "Ianniello, Riccardo"]
[Result "1-0"]
[WhiteElo "1900"]
[BlackElo "2205"]
[PlyCount "58"]
[EventDate "1982.??.??"]
[EventType "swiss"]
[EventRounds "9"]
[EventCountry "ITA"]
[SourceDate "2005.09.12"]

1. e4 a6 2. d4 b5 3. Bd3 Bb7 4. Nf3 e6 5. O-O c5 6. c4 bxc4 7. Bxc4 Bxe4 8. Re1
Bxf3 9. Qxf3 Nc6 10. dxc5 Nf6 11. Be3 Qa5 12. Nd2 Qb4 13. Bd3 Qg4 14. Be4 Qxf3
15. Bxf3 Be7 16. Nc4 O-O 17. Red1 Rab8 18. Rd2 Rb5 19. a4 Rb4 20. Nb6 Ne5 21.
Be2 Ne4 22. Rc2 Rd8 23. Rd1 a5 24. f4 Rb3 25. fxe5 Rxe3 26. Rxd7 g6 27. c6 Rxd7
28. cxd7 Kg7 29. Kf1 Rb3 {...} 1-0

[Event "V Trofeo Alfiere"]
[Site "Roma "]
[Date "1982.??.??"]
[Round "1"]
[White "Kouatly, Bachar"]
[Black "Lantini, Marco"]
[Result "1/2-1/2"]
[WhiteElo "2435"]
[BlackElo "1900"]
[PlyCount "59"]
[EventDate "1982.??.??"]
[EventType "swiss"]
[EventRounds "9"]
[EventCountry "ITA"]
[SourceDate "2005.09.12"]

1. d4 Nf6 2. c4 e6 3. Nf3 d5 4. Nc3 c6 5. cxd5 exd5 6. Bg5 Be7 7. e3 O-O 8. Bd3
Nbd7 9. Qc2 Re8 10. O-O Nf8 11. Bxf6 Bxf6 12. b4 Be6 13. a4 a5 14. b5 c5 15.
dxc5 Rc8 16. Ne2 Bxa1 17. Rxa1 Bg4 18. Ned4 Ne6 19. Ne5 Qh4 20. c6 Nxd4 21.
exd4 bxc6 22. Nxc6 Bd7 23. Bf5 Bxf5 24. Qxf5 Rxc6 25. bxc6 Qxd4 26. Rb1 Qc3 27.
g3 Qxc6 28. Rd1 Qxa4 29. Qxd5 Qb4 30. Ra1 1/2-1/2

[Event "V Trofeo Alfiere"]
[Site "Roma "]
[Date "1982.??.??"]
[Round "1"]
[White "Kovacevic, Slobodan"]
[Black "Casa, Alex"]
[Result "1-0"]
[WhiteElo "2245"]
[BlackElo "2235"]
[PlyCount "79"]
[EventDate "1982.??.??"]
[EventType "swiss"]
[EventRounds "9"]
[EventCountry "ITA"]
[SourceDate "2005.09.12"]

1. d4 Nf6 2. c4 g6 3. Nc3 Bg7 4. e4 d6 5. f4 O-O 6. Nf3 c5 7. d5 e6 8. Be2 exd5
9. cxd5 Bg4 10. O-O Nbd7 11. h3 Bxf3 12. Bxf3 a6 13. a4 c4 14. Be3 Qa5 15. Kh1
Rfe8 16. Bd4 Nc5 17. e5 Nfd7 18. e6 Nf6 19. f5 fxe6 20. fxe6 Nb3 21. Rb1 b5 22.
axb5 axb5 23. Be3 b4 24. Ne4 Nxe4 25. Bxe4 Nc5 26. Qg4 Nxe4 27. Qxe4 c3 28.
bxc3 bxc3 29. Rf7 c2 30. Qxc2 Qxd5 31. Qc7 Be5 32. Bh6 Qxe6 33. Rg7+ Kh8 34.
Rxh7+ Kg8 35. Rg7+ Kh8 36. Rh7+ Kg8 37. Rb7 Ra1+ 38. Bc1 Kf8 39. Rf7+ Kg8 40.
Rf1 1-0

[Event "V Trofeo Alfiere"]
[Site "Roma "]
[Date "1982.??.??"]
[Round "1"]
[White "Piasini, Antonio"]
[Black "Nestler, Vincenzo"]
[Result "0-1"]
[WhiteElo "1955"]
[BlackElo "2230"]
[PlyCount "58"]
[EventDate "1982.??.??"]
[EventType "swiss"]
[EventRounds "9"]
[EventCountry "ITA"]
[SourceDate "2005.09.12"]

1. d4 Nf6 2. Nf3 g6 3. c4 Bg7 4. Nc3 d6 5. e4 O-O 6. Be2 e5 7. O-O Nbd7 8. d5
Nc5 9. Qc2 a5 10. b3 Bg4 11. Be3 Bxf3 12. Bxf3 Nfd7 13. Rab1 f5 14. a3 b6 15.
b4 axb4 16. axb4 Na6 17. Rfc1 f4 18. Bd2 Nf6 19. Be2 Nb8 20. f3 Nbd7 21. Nb5 g5
22. Qb3 Kh8 23. Be1 Ne8 24. Bf2 Rf6 25. Ra1 Bf8 26. Na7 Rg6 27. Nc6 Qc8 28. Qb2
Ndf6 29. Rxa8 Qxa8 {...} 0-1

[Event "V Trofeo Alfiere"]
[Site "Roma "]
[Date "1982.??.??"]
[Round "1"]
[White "Sammuri, Andrea"]
[Black "Tatai, Stefano"]
[Result "0-1"]
[WhiteElo "1900"]
[BlackElo "2440"]
[PlyCount "42"]
[EventDate "1982.??.??"]
[EventType "swiss"]
[EventRounds "9"]
[EventCountry "ITA"]
[SourceDate "2005.09.12"]

1. d4 Nf6 2. c4 e6 3. Nf3 c5 4. Nc3 cxd4 5. Nxd4 Bb4 6. Qc2 Nc6 7. e3 O-O 8.
Be2 d5 9. a3 Bxc3+ 10. Qxc3 Ne4 11. Nxc6 bxc6 12. Qc2 a5 13. O-O a4 14. cxd5
cxd5 15. b4 axb3 16. Qxb3 Qa5 17. Kh1 Bd7 18. f3 Rfb8 19. Qa2 Nc3 20. Bd2 Nxa2
21. Bxa5 Rb2 0-1

[Event "V Trofeo Alfiere"]
[Site "Roma "]
[Date "1982.??.??"]
[Round "1"]
[White "Steinfl, Alessandro"]
[Black "Saetta, Alfredo"]
[Result "0-1"]
[WhiteElo "1985"]
[BlackElo "2025"]
[PlyCount "84"]
[EventDate "1982.??.??"]
[EventType "swiss"]
[EventRounds "9"]
[EventCountry "ITA"]
[SourceDate "2005.09.12"]

1. e4 e5 2. Nf3 Nc6 3. Bb5 a6 4. Ba4 Nf6 5. O-O Be7 6. Re1 b5 7. Bb3 O-O 8. a4
Bb7 9. Nc3 b4 10. Nd5 d6 11. c3 bxc3 12. dxc3 Nxd5 13. Bxd5 Na5 14. b4 Nc6 15.
Be3 Qc8 16. Rb1 Nd8 17. Bxb7 Qxb7 18. b5 axb5 19. axb5 Ne6 20. Qd5 Rfb8 21. h3
Ra4 22. c4 Nf8 23. c5 dxc5 24. Nxe5 Qxd5 25. exd5 Bd6 26. Nc6 Rba8 27. Bd2 Nd7
28. Bc3 Nb6 29. Rbd1 Ra3 30. Be5 c4 31. Rc1 Rd3 32. Bxd6 cxd6 33. Na5 c3 34.
Nb7 Nxd5 35. Nxd6 Rb8 36. g3 h6 37. h4 Nf6 38. Red1 Rxd1+ 39. Rxd1 c2 40. Ra1
Rd8 41. b6 Rxd6 42. b7 Rd1+ 0-1

[Event "V Trofeo Alfiere"]
[Site "Roma "]
[Date "1982.??.??"]
[Round "1"]
[White "Tribuiani, Renato"]
[Black "Favale, Paolo"]
[Result "1/2-1/2"]
[WhiteElo "2070"]
[BlackElo "1900"]
[PlyCount "40"]
[EventDate "1982.??.??"]
[EventType "swiss"]
[EventRounds "9"]
[EventCountry "ITA"]
[SourceDate "2005.09.12"]

1. e4 c6 2. d4 d5 3. exd5 cxd5 4. Bd3 Nc6 5. c3 Nf6 6. Bg5 e6 7. Nf3 Be7 8.
Nbd2 O-O 9. O-O Nh5 10. Bxe7 Qxe7 11. Re1 Nf4 12. Bf1 f6 13. g3 Ng6 14. Bd3 e5
15. Bxg6 hxg6 16. Nh4 Qf7 17. Nb3 g5 18. Ng2 Bh3 19. Qd2 Rad8 20. Rf1 Qg6
1/2-1/2

[Event "V Trofeo Alfiere"]
[Site "Roma "]
[Date "1982.??.??"]
[Round "1"]
[White "Wagman, Stuart"]
[Black "Pangrazzi, Marco"]
[Result "0-1"]
[WhiteElo "2255"]
[BlackElo "2260"]
[PlyCount "110"]
[EventDate "1982.??.??"]
[EventType "swiss"]
[EventRounds "9"]
[EventCountry "ITA"]
[SourceDate "2005.09.12"]

1. e4 c5 2. Nf3 Nc6 3. d4 cxd4 4. Nxd4 Nf6 5. Nc3 e5 6. Ndb5 d6 7. Bg5 a6 8.
Na3 b5 9. Bxf6 gxf6 10. Nd5 f5 11. c3 Bg7 12. Nxb5 axb5 13. Bxb5 Bd7 14. exf5
Nb8 15. Bd3 Qg5 16. O-O Ra7 17. Qf3 Bc6 18. Be4 Bxd5 19. Bxd5 Nd7 20. Rfd1 Ke7
21. a4 Nf6 22. a5 Nxd5 23. Qxd5 Rd8 24. b4 Qxf5 25. a6 Qe6 26. Qa5 Qc4 27. Qb6
Qc7 28. Qe3 Rb8 29. c4 Rxb4 30. Rxd6 Kxd6 31. Qd2+ Ke6 32. Qxb4 e4 33. Re1 Qc6
34. c5 f5 35. g4 Rxa6 36. gxf5+ Kxf5 37. Qc4 Qe6 38. Qe2 Ra1 39. Qb5 Kf4 40.
Rxa1 Bxa1 41. Qb7 Qg4+ 42. Kf1 Qd1+ 43. Kg2 Qf3+ 44. Kf1 Bf6 45. c6 Qd1+ 46.
Kg2 Qg4+ 47. Kf1 Kf3 48. Qxh7 Qg2+ 49. Ke1 Bc3+ 50. Kd1 Qf1+ 51. Kc2 Qd3+ 52.
Kb3 Bd2+ 53. Kb2 Qc3+ 54. Ka2 Qc4+ 55. Ka3 Bc1# 0-1

[Event "V Trofeo Alfiere"]
[Site "Roma "]
[Date "1982.??.??"]
[Round "2"]
[White "Bonavoglia, Guido"]
[Black "Casa, Alex"]
[Result "0-1"]
[WhiteElo "1955"]
[BlackElo "2235"]
[PlyCount "69"]
[EventDate "1982.??.??"]
[EventType "swiss"]
[EventRounds "9"]
[EventCountry "ITA"]
[SourceDate "2005.09.12"]

1. e4 e5 2. Nf3 Nc6 3. d4 exd4 4. c3 d3 5. Bxd3 d6 6. h3 Nf6 7. O-O Be7 8. Nd4
d5 9. Nxc6 bxc6 10. e5 Ne4 11. Qa4 Nc5 12. Qxc6+ Bd7 13. Qxd5 Bxh3 14. Bb5+ Bd7
15. Bxd7+ Nxd7 16. Rd1 Rb8 17. Qe4 Rb5 18. e6 fxe6 19. Qxe6 Re5 20. Qg4 h5 21.
Qxg7 Bf6 22. Qg6+ Ke7 23. Be3 Rg8 24. Qd3 Qc8 25. Nd2 Nc5 26. Qc4 Nb7 27. Nf3
Nd6 28. Qf1 Re4 29. Nh2 Nf5 30. Bc5+ Kf7 31. Qd3 Qd8 32. Qd5+ Qxd5 33. Rxd5 Ke6
34. Rad1 Be5 35. Nf3 0-1

[Event "V Trofeo Alfiere"]
[Site "Roma "]
[Date "1982.??.??"]
[Round "2"]
[White "Colombo, Paolo"]
[Black "Sammuri, Andrea"]
[Result "0-1"]
[WhiteElo "2030"]
[BlackElo "1900"]
[PlyCount "100"]
[EventDate "1982.??.??"]
[EventType "swiss"]
[EventRounds "9"]
[EventCountry "ITA"]
[SourceDate "2005.09.12"]

1. c4 e6 2. Nc3 f5 3. g3 Nf6 4. Bg2 d5 5. d4 c6 6. b3 Be7 7. Bb2 O-O 8. Nh3 Bd7
9. Nf4 Na6 10. O-O Nc7 11. f3 g5 12. Nd3 g4 13. Qd2 Qe8 14. Ne5 Kh8 15. Rae1
Bd6 16. Nd3 Rg8 17. Bh1 gxf3 18. exf3 Nh5 19. Ne5 Rd8 20. Bg2 Bxe5 21. Rxe5 Qg6
22. Ne2 b6 23. Re1 Rde8 24. Ba3 Qg5 25. Qc3 Qg7 26. Bd6 Bc8 27. Re3 Qf7 28.
Be5+ Ng7 29. Nf4 h6 30. cxd5 Nxd5 31. Nxd5 cxd5 32. Rc1 Re7 33. Qb4 Rd8 34.
Rec3 Bb7 35. Bf1 Kh7 36. Bb5 Ne8 37. Qa3 a5 38. Bxe8 Rdxe8 39. Rc7 Kg6 40. Bd6
Qf6 41. Bxe7 Qxd4+ 42. Kh1 Qf2 43. b4 axb4 44. Bxb4 Ra8 45. Qc3 d4 46. Qc6 Bxc6
47. R7xc6 Qxf3+ 48. Kg1 Qe3+ 49. Kg2 Rxa2+ 50. Kh3 Qe2 0-1

[Event "V Trofeo Alfiere"]
[Site "Roma "]
[Date "1982.??.??"]
[Round "2"]
[White "Favale, Paolo"]
[Black "Lantini, Marco"]
[Result "1-0"]
[WhiteElo "1900"]
[BlackElo "1900"]
[PlyCount "53"]
[EventDate "1982.??.??"]
[EventType "swiss"]
[EventRounds "9"]
[EventCountry "ITA"]
[SourceDate "2005.09.12"]

1. e4 c5 2. Nf3 e6 3. d4 cxd4 4. Nxd4 a6 5. Nc3 Qc7 6. Be2 b5 7. O-O Bb7 8. Bf3
Nc6 9. Nxc6 dxc6 10. Re1 Bd6 11. g3 Ne7 12. Be3 Ng6 13. a4 Ne5 14. Be2 b4 15.
Bb6 Qd7 16. Nb1 c5 17. Nd2 Qc6 18. a5 O-O 19. f4 Nd7 20. Bf3 Nxb6 21. axb6 c4
22. Nxc4 Qxc4 23. Qxd6 Rac8 24. Rad1 Qxc2 25. Qxb4 Rc4 26. Qe7 Bc6 27. Rd8 1-0

[Event "V Trofeo Alfiere"]
[Site "Roma "]
[Date "1982.??.??"]
[Round "2"]
[White "Gervasi, Giancarlo"]
[Black "Kovacevic, Slobodan"]
[Result "1-0"]
[WhiteElo "2125"]
[BlackElo "2245"]
[PlyCount "85"]
[EventDate "1982.??.??"]
[EventType "swiss"]
[EventRounds "9"]
[EventCountry "ITA"]
[SourceDate "2005.09.12"]

1. c4 c5 2. Nf3 b6 3. Nc3 Bb7 4. e4 e6 5. g3 d6 6. d4 cxd4 7. Nxd4 a6 8. b3 Qc7
9. Bb2 Nf6 10. Bg2 Be7 11. O-O O-O 12. f4 Nc6 13. Kh1 Nd7 14. Rc1 Nxd4 15. Qxd4
Bf6 16. Qd2 Rfe8 17. Rcd1 Be7 18. f5 Rad8 19. fxe6 fxe6 20. Qd4 Ne5 21. Na4 b5
22. cxb5 axb5 23. Rc1 Qb8 24. Nc3 Bg5 25. Rc2 Rf8 26. Rcf2 Rxf2 27. Qxf2 b4 28.
Ne2 Qa8 29. Nd4 Qc8 30. Nb5 Be7 31. Bxe5 Rf8 32. Nxd6 Bxd6 33. Bxd6 Rxf2 34.
Rxf2 Bxe4 35. Bxe4 Qc1+ 36. Kg2 g5 37. Bxb4 Qe3 38. Ba8 h5 39. Bd2 Qa7 40. Be4
g4 41. Bh6 Qc5 42. Rf8+ Qxf8 43. Bxf8 1-0

[Event "V Trofeo Alfiere"]
[Site "Roma "]
[Date "1982.??.??"]
[Round "2"]
[White "Ianniello, Riccardo"]
[Black "Steinfl, Alessandro"]
[Result "0-1"]
[WhiteElo "2205"]
[BlackElo "1985"]
[PlyCount "94"]
[EventDate "1982.??.??"]
[EventType "swiss"]
[EventRounds "9"]
[EventCountry "ITA"]
[SourceDate "2005.09.12"]

1. e4 c5 2. Nf3 Nc6 3. Be2 Nf6 4. Nc3 d6 5. O-O e6 6. Bb5 Bd7 7. d4 cxd4 8.
Nxd4 Be7 9. Nxc6 bxc6 10. Bd3 e5 11. Ne2 O-O 12. c4 d5 13. cxd5 cxd5 14. exd5
Bg4 15. f3 Bh5 16. Ng3 Qxd5 17. Bxh7+ Kxh7 18. Qxd5 Nxd5 19. Nxh5 Rac8 20. Rd1
Rfd8 21. Bd2 Rc2 22. Rab1 Bc5+ 23. Kh1 Bd4 24. Ng3 Bxb2 25. Ba5 Rd7 26. Rd2
Rxd2 27. Bxd2 Bc3 28. Bxc3 Nxc3 29. Ra1 Nxa2 30. Kg1 Rd2 31. Ne4 Rc2 32. Kf1 a5
33. Nf2 a4 34. Nd3 f6 35. f4 e4 36. Nc5 Rxc5 37. Rxa2 Rc4 38. Ke2 f5 39. h3 Kg6
40. g4 Kf6 41. Rb2 a3 42. Rb6+ Ke7 43. Rb7+ Kd6 44. Ra7 Rc3 45. Rxg7 Rxh3 46.
gxf5 Rh1 47. Rg6+ Ke7 0-1

[Event "V Trofeo Alfiere"]
[Site "Roma "]
[Date "1982.??.??"]
[Round "2"]
[White "Nestler, Vincenzo"]
[Black "Sibilio, Mario"]
[Result "1/2-1/2"]
[WhiteElo "2230"]
[BlackElo "2305"]
[PlyCount "75"]
[EventDate "1982.??.??"]
[EventType "swiss"]
[EventRounds "9"]
[EventCountry "ITA"]
[SourceDate "2005.09.12"]

1. d4 g6 2. e4 Bg7 3. Nc3 c6 4. Nf3 d5 5. Be2 Bg4 6. e5 Nd7 7. O-O Bxf3 8. Bxf3
e6 9. Re1 h5 10. Rb1 Nh6 11. b4 Nf5 12. Na4 b5 13. Nb2 a5 14. a3 axb4 15. axb4
Bf8 16. c3 Be7 17. Nd3 Nb6 18. Be2 Qd7 19. Qb3 Qc7 20. Kh1 O-O 21. Bf1 Rfb8 22.
g3 Qa7 23. Bh3 Qa2 24. Nf4 Qxb3 25. Rxb3 Ng7 26. Bf1 Ra1 27. Ra3 Rxa3 28. Bxa3
Na4 29. Ne2 Ra8 30. Bc1 Nf5 31. Rd1 Bf8 32. Bg5 Be7 33. Bxe7 Nxe7 34. Ra1 Nc8
35. Nc1 Ncb6 36. Ra3 Nb2 37. Rxa8+ Nxa8 38. Be2 1/2-1/2

[Event "V Trofeo Alfiere"]
[Site "Roma "]
[Date "1982.??.??"]
[Round "2"]
[White "Piasini, Antonio"]
[Black "Bellia, Fabrizio"]
[Result "1-0"]
[WhiteElo "1955"]
[BlackElo "1900"]
[PlyCount "81"]
[EventDate "1982.??.??"]
[EventType "swiss"]
[EventRounds "9"]
[EventCountry "ITA"]
[SourceDate "2005.09.12"]

1. d4 Nf6 2. Nf3 g6 3. c4 Bg7 4. Nc3 O-O 5. e4 d6 6. Be2 e5 7. O-O Nc6 8. d5
Ne7 9. Ne1 Nd7 10. Nd3 f5 11. Bd2 c5 12. Rb1 Nf6 13. f3 f4 14. b4 b6 15. bxc5
bxc5 16. Qb3 g5 17. Nf2 h5 18. h3 Ng6 19. Rb2 Rf7 20. Rfb1 Bf8 21. Qd1 Rg7 22.
Be1 g4 23. hxg4 hxg4 24. fxg4 Nh4 25. Bf3 Be7 26. Rb8 Rxb8 27. Rxb8 Nd7 28. Rb2
Qe8 29. Nb5 a6 30. Na7 Ng6 31. Qa4 Kf7 32. Qc6 Rg8 33. Nh3 Nf6 34. Ng5+ Kg7 35.
Qxe8 Rxe8 36. Nxc8 Rxc8 37. Ne6+ Kf7 38. Rb7 Nf8 39. g5 Ng8 40. Bh5+ Ng6 41.
Ba5 1-0

[Event "V Trofeo Alfiere"]
[Site "Roma "]
[Date "1982.??.??"]
[Round "2"]
[White "Saetta, Alfredo"]
[Black "Gallo, Enrico"]
[Result "1/2-1/2"]
[WhiteElo "2025"]
[BlackElo "1900"]
[PlyCount "79"]
[EventDate "1982.??.??"]
[EventType "swiss"]
[EventRounds "9"]
[EventCountry "ITA"]
[SourceDate "2005.09.12"]

1. e4 e6 2. Qe2 Be7 3. g3 d5 4. Bg2 Nc6 5. exd5 exd5 6. Nf3 Nf6 7. d4 O-O 8.
O-O Bg4 9. Be3 Qd7 10. Re1 Qf5 11. Nh4 Qh5 12. f3 Bd7 13. Bh1 Rfe8 14. Nc3 Bd6
15. Qf2 g5 16. Ng2 Ne7 17. h4 Nf5 18. Nxd5 Nxd5 19. g4 Qg6 20. gxf5 Qxf5 21.
Bxg5 h6 22. c4 hxg5 23. cxd5 Qh3 24. f4 gxh4 25. Qxh4 Qxh4 26. Nxh4 Bxf4 27.
Kf2 Bh6 28. Be4 Bg7 29. Nf3 Bg4 30. Ne5 Bh5 31. Rg1 Kf8 32. Rg5 f6 33. Nd7+ Kf7
34. Rxh5 Rxe4 35. Rg1 Rxd4 36. Ke3 Rb4 37. Nc5 Rh8 38. Rxh8 Bxh8 39. Rh1 Bg7
40. b3 1/2-1/2

[Event "V Trofeo Alfiere"]
[Site "Roma "]
[Date "1982.??.??"]
[Round "2"]
[White "Tatai, Stefano"]
[Black "De Blasio, Massimo"]
[Result "1-0"]
[WhiteElo "2440"]
[BlackElo "2210"]
[PlyCount "81"]
[EventDate "1982.??.??"]
[EventType "swiss"]
[EventRounds "9"]
[EventCountry "ITA"]
[SourceDate "2005.09.12"]

1. d4 d5 2. c4 e6 3. Nc3 Nf6 4. Bg5 c5 5. cxd5 cxd4 6. Qxd4 Be7 7. e4 Nc6 8.
Qd2 Nxd5 9. exd5 Bxg5 10. f4 Bh4+ 11. g3 exd5 12. gxh4 Qxh4+ 13. Qf2 Qe7+ 14.
Qe2 Be6 15. Nf3 d4 16. Ne4 O-O-O 17. Kf2 Rhe8 18. Neg5 Qc5 19. Qb5 Qc2+ 20. Kg3
a6 21. Bd3 axb5 22. Bxc2 d3 23. Nxe6 Rxe6 24. Bb3 Rg6+ 25. Kf2 Rf6 26. Rhg1 g6
27. Kg3 Kc7 28. Rad1 Kb6 29. Rge1 Nd4 30. Nxd4 Rxd4 31. Rf1 Rd7 32. Rd2 Rfd6
33. Rc1 f6 34. Kf3 g5 35. f5 Rd4 36. Be6 Rd8 37. Re1 Rf4+ 38. Kg3 Rfd4 39. Bb3
Kc5 40. Re3 h5 41. h3 1-0

[Event "V Trofeo Alfiere"]
[Site "Roma "]
[Date "1982.??.??"]
[Round "2"]
[White "Tribuiani, Renato"]
[Black "Kouatly, Bachar"]
[Result "0-1"]
[WhiteElo "2070"]
[BlackElo "2435"]
[PlyCount "52"]
[EventDate "1982.??.??"]
[EventType "swiss"]
[EventRounds "9"]
[EventCountry "ITA"]
[SourceDate "2005.09.12"]

1. e4 c5 2. Nf3 Nc6 3. Nc3 Nf6 4. b3 g6 5. Bb2 Bg7 6. Nd5 O-O 7. Nxf6+ exf6 8.
Be2 Re8 9. d3 f5 10. Bxg7 fxe4 11. dxe4 Kxg7 12. Qd5 Qa5+ 13. Kf1 Qc3 14. Re1
Nb4 15. Qg5 Rxe4 16. Bd3 Rxe1+ 17. Nxe1 d5 18. h4 Nxd3 19. cxd3 Bf5 20. g4
Bxd3+ 21. Nxd3 Qxd3+ 22. Kg2 Re8 23. Rh3 Qe4+ 24. Rf3 Re6 25. h5 h6 26. Qh4 g5
0-1

[Event "V Trofeo Alfiere"]
[Site "Roma "]
[Date "1982.??.??"]
[Round "2"]
[White "Wagman, Stuart"]
[Black "Amovilli, Mauro"]
[Result "1-0"]
[WhiteElo "2255"]
[BlackElo "1900"]
[PlyCount "55"]
[EventDate "1982.??.??"]
[EventType "swiss"]
[EventRounds "9"]
[EventCountry "ITA"]
[SourceDate "2005.09.12"]

1. e4 c5 2. Nf3 d6 3. d4 cxd4 4. Nxd4 Nf6 5. Nc3 a6 6. Be2 Nbd7 7. O-O e6 8. a4
b6 9. f4 Bb7 10. Bf3 Rc8 11. Qe1 Nc5 12. g4 d5 13. exd5 Nxd5 14. f5 Nxc3 15.
bxc3 Bxf3 16. fxe6 Be4 17. exf7+ Kd7 18. Bf4 Ra8 19. Rd1 Kc8 20. Ne6 Qe7 21.
Nxf8 Kb7 22. Bd6 Qg5 23. Bxc5 Qxc5+ 24. Rd4 Rhxf8 25. Qxe4+ Ka7 26. Rf5 Qc7 27.
Qd3 Rad8 28. Rxd8 1-0